Представление документа в формате MARC21

ПолеНазваниеЗначение
  Тип записи a
  Библиографический уровень m
001 Контрольный номер RU/URAIT/582239
005 Дата корректировки 20260429163651.8
008 Кодируемые данные 260429s2026 RU y f j 000 0 rus u
020 Индекс ISBN __
a ISBN 978-5-534-21710-0
c Цена, тираж 759.00
040 Источник каталогиз. __
a Служба первич. каталог. ИКО Юрайт
c Служба, преобразующая запись ИКО Юрайт
e Правила каталог. RCR
041 Код языка издания __
a Код языка текста rus
044 Код страны публикации __
a Код страны публикации RU
080 Индекс УДК __
a Индекс УДК 681.3(075.8)
084 Индекс другой классификации/Индекс ББК __
2 Источник индекса rubbk
a Индекс другой классификации/Индекс ББК 32.81я73
100 Автор __
a Автор Трофимов В. В.
q Полное имя Трофимов Валерий Владимирович
245 Заглавие __
a Заглавие Цифровые технологии
b Продолж. заглавия учебник для вузов
c Ответственность В. В. Трофимов.
256 Характеристики компьютерного файла __
a Характеристики компьютерного файла Электрон. дан.
260 Выходные данные __
a Место издания Москва
b Издательство Юрайт
c Дата издания 2026
300 Физическое описание __
a Объем 141 с
440 Серия __
a Серия Высшее образование
500 Примечания __
a Примечание URL: https://urait.ru/bcode/582239 (дата обращения: 29.04.2026).
520 Аннотация __
a Аннотация Курс содержит информацию о цифровых технологиях и опирается на многолетний опыт преподавания этой дисциплины для студентов экономических и технических направлений на кафедре информатики Санкт-Петербургского государственного экономического университета. Материал подобран таким образом, чтобы он содержал все основные разделы, требующиеся для изучения и понимания современного состояния дел в области ИТ. Курс предназначен для студентов вузов и СПО, а также для учащихся школ, обучающихся по усложненной программе по информатике и готовящихся к поступлению в вуз. Он может быть также полезен и как справочник терминов, определений и понятий, используемых в области ИТ.
538 Прим. о системных особенностях __
a Прим. о системных особенностях Режим доступа: Электронно-библиотечная система Юрайт, для авториз. пользователей
653 Ключевые слова __
a Ключевые слова Информационные системы и технологии
653 Ключевые слова __
a Ключевые слова Компьютерные и информационные науки
653 Ключевые слова __
a Ключевые слова Цифровые технологии
653 Ключевые слова __
a Ключевые слова Цифровые технологии в профессиональной деятельности
653 Ключевые слова __
a Ключевые слова Конвергентные и цифровые технологии
653 Ключевые слова __
a Ключевые слова Цифровые промышленные технологии
653 Ключевые слова __
a Ключевые слова Современные цифровые технологии
653 Ключевые слова __
a Ключевые слова Аппаратные средства цифровых технологий
653 Ключевые слова __
a Ключевые слова Цифровые информационные технологии
653 Ключевые слова __
a Ключевые слова Информационное обеспечение и цифровые технологии
653 Ключевые слова __
a Ключевые слова Цифровые технологии в гуманитарной сфере
653 Ключевые слова __
a Ключевые слова Цифровые технологии и информационная безопасность
653 Ключевые слова __
a Ключевые слова Сквозные цифровые технологии
653 Ключевые слова __
a Ключевые слова Цифровой двойник предприятия
653 Ключевые слова __
a Ключевые слова Технологии отраслевой цифровизации
653 Ключевые слова __
a Ключевые слова Интерактивные цифровые технологии
653 Ключевые слова __
a Ключевые слова Цифровые технологии в профессиональной сфере
653 Ключевые слова __
a Ключевые слова Цифровой инжиниринг технических систем
653 Ключевые слова __
a Ключевые слова Цифровые технологии в электронике
856 Электронный адрес документа 40
n Местонахождение сервера Юрайт
g Электронная книга
q Тип электронного формата html
h Имя пользователя ЮРАЙТ
v Часы доступа к ресурсу 20271231
2 Способ доступа Показать документ
x Служебное примечание https://urait.ru/book/cover/AB444AC4-31D2-4097-A0B2-C1D78D891785
u URL https://urait.ru/bcode/582239
856 Электронный адрес документа 48
q Тип электронного формата cover
u URL https://urait.ru/book/cover/AB444AC4-31D2-4097-A0B2-C1D78D891785
911 __
u 0030=https://urait.ru/bcode/582239
911 __
u 073a=9785534217100
u 073d=759.00
911 __
u 106a=s
911 __
u 900l=
952 Тип литературы __
i Дисциплина Цифровые технологии
952 Тип литературы __
i Дисциплина Цифровые технологии в профессиональной деятельности
952 Тип литературы __
i Дисциплина Конвергентные и цифровые технологии
952 Тип литературы __
i Дисциплина Цифровые промышленные технологии
952 Тип литературы __
i Дисциплина Современные цифровые технологии
952 Тип литературы __
i Дисциплина Аппаратные средства цифровых технологий
952 Тип литературы __
i Дисциплина Цифровые информационные технологии
952 Тип литературы __
i Дисциплина Информационное обеспечение и цифровые технологии
952 Тип литературы __
i Дисциплина Цифровые технологии в гуманитарной сфере
952 Тип литературы __
i Дисциплина Цифровые технологии и информационная безопасность
952 Тип литературы __
i Дисциплина Сквозные цифровые технологии
952 Тип литературы __
i Дисциплина Цифровой двойник предприятия
952 Тип литературы __
i Дисциплина Технологии отраслевой цифровизации
952 Тип литературы __
i Дисциплина Интерактивные цифровые технологии
952 Тип литературы __
i Дисциплина Цифровые технологии в профессиональной сфере
952 Тип литературы __
i Дисциплина Цифровой инжиниринг технических систем
952 Тип литературы __
i Дисциплина Цифровые технологии в электронике